The Mycenaean world /

محفوظ في:

المؤلف الرئيسي: Chadwick, John, 1920-1998 (مؤلف)

التنسيق: كتاب

اللغة: English

منشور في: Cambridge [Eng.] ; New York : Cambridge University Press, 1976.

الموضوعات:

الوسوم: إضافة وسم

لا توجد وسوم, كن أول من يضع وسما على هذه التسجيلة!

رقم الطلب: DF220 .C43 1976

LEADER 00780nam a2200265 i 4500
001 1966
003 OSt
005 20251224102521.0
008 130303s1976 enka b 001 0 eng d
010 |a 75036021 
020 |a 0521210771 
035 |a (OCoLC) 01958204 
035 |a 132975 
040 |c ARCE Library 
043 |a e-gr--- 
050 4 |a DF220 .C43 1976 
100 1 |a Chadwick, John,   |d 1920-1998,   |e author 
245 1 4 |a The Mycenaean world /  |c John Chadwick. 
264 1 |a Cambridge [Eng.] ;  |a New York :  |b Cambridge University Press,  |c 1976. 
300 |a xvii, 201 pages :  |b illustrations ;  |c 25 cm. 
504 |a Includes bibliographical references (pages 195-196) and index. 
650 0 |a Civilization, Mycenaean. 
901 |a reviewed 
942 |c BK  |2 lcc 
999 |c 5824  |d 5824